000 00527nam a2200181 a 4500
001 000041606
005 20201002035649.0
008 131014s1987 sp 000 0 spa d
020 _a8428315590
040 _aDO-SdBNP
_bspa
_cBNPHU
082 _axxxxx
_bssss
100 1 _aPlant, M.
_968377
240 1 0 _aMicroelectronics A to Z
245 1 0 _aDiccionario de microelectrónica. /
_cPlant, M.; traducción, Javier Ojeda.
260 _aMadrid :
_bParinfo,
_c1987.
300 _a227 p. ;
_c22 cm.
700 1 _aOjeda, Javier
_968378
999 _c41096
_d41096